00778nam a2200193 a 450000100100000000500170001000800410002704000250006808200210009310000220011424500460013625000110018226001010019330000200029404900090031495201190032395201250044299900170056700002928620200930055442.0110414s2001 dr 000 0 spa d aDO-SdBNPbspacBNPHU axxxbC392g, 20011 aCela, Jorge9788710aLa gestión participativa /cJorge Cela. a3a ed. aSanto Domingo :bCentro de Estudios Sociales Padre Juan Antonio Montalvo,c2001.fEditora Búho a50 p. ;c21 cm. aBNPD 0010718PDaPDbPDcCTd2011-04-14iLF1l0oxxx C392g, 2001p29286-10r2020-06-25w2020-06-25yLFPDZNo se presta 0010718PDaPDbPDcCTd2011-04-14iLF1l0oxxx C392g, 2001p29286-20r2020-06-25te. 2w2020-06-25yLFPDZNo se presta c28778d28778